| 000 | 00716nam a2200253Ia 4500 | ||
|---|---|---|---|
| 003 | OSt | ||
| 005 | 20220926013040.0 | ||
| 006 | a|||||r|||| 00| 0 | ||
| 007 | ta | ||
| 008 | 220923b |||||||| |||| 00| 0 eng d | ||
| 037 | _cGeneral Book | ||
| 040 |
_aRTL _cRTL _beng |
||
| 041 |
_2eng _aeng |
||
| 082 | _aY:44, K7 | ||
| 100 |
_aGagnon John H _9255179 |
||
| 245 | 0 | _aSexual deviance | |
| 260 |
_aNew York _bHarper and Row _c1967 |
||
| 300 |
_aviii, 310p _ccm. |
||
| 490 | _aReaders in social problems. Ed by Donald R Cressey. 1967 | ||
| 650 | _aSocial Evil | ||
| 700 | _a Simon William Ed. | ||
| 942 |
_hY:44, K7 _cGB _2CC |
||
| 999 |
_c625075 _d625075 |
||